| 000 | 00372nam a2200157Ia 4500 | ||
|---|---|---|---|
| 008 | 221030s9999 xx 000 0 und d | ||
| 020 | _a0074517155 | ||
| 041 | _aEnglish | ||
| 082 |
_a105.23 _bKaz |
||
| 100 | _aS. M. A. Kazimi | ||
| 245 | 0 |
_aSolid Mechanics _cby S. M. A. Kazimi |
|
| 260 |
_bTMH _aNew Delhi _c1998 |
||
| 300 | _a450 | ||
| 650 | _aMechanical | ||
| 942 | _cBK | ||
| 999 |
_c2600 _d2600 |
||